| 000 | 00927cam a22002654a 4500 | ||
|---|---|---|---|
| 999 |
_c331694 _d331694 |
||
| 001 | 14566906 | ||
| 003 | NUST | ||
| 005 | 20171013132546.0 | ||
| 008 | 060924s2006 pk a 000 0 eng | ||
| 010 | _a 2006312585 | ||
| 020 | _a9693519019 | ||
| 025 | _aP-E-2006312585 ; 17 | ||
| 040 |
_aDLC _cDLC |
||
| 042 | _alcode | ||
| 043 | _aa-pk--- | ||
| 050 | 0 | 0 |
_aDS377 _b.R354 2006 |
| 082 |
_a954.910453 _bRAS |
||
| 100 | 1 |
_aRashid, Salman, _d1952- _93759 |
|
| 245 | 1 | 0 |
_aSea monsters and the sun god : _btravels in Pakistan / _cSalman Rashid. |
| 260 |
_aLahore : _bSang-e-Meel Publications , _c2006. |
||
| 300 |
_a240 p. : _bcol. ill. ; _c29 cm. |
||
| 500 | _a"These articles were published in "The News on Sunday" and "Herald" between 1998 and 2000"--P. [7]. | ||
| 651 | 0 |
_aPakistan _xDescription and travel. _93431 |
|
| 906 |
_a7 _bcbc _corigode _d3 _encip _f20 _gy-gencatlg |
||
| 942 |
_2ddc _cBK |
||